MARC details
| 000 -CABECERA |
| campo de control de longitud fija |
01096cam a2200253 a 4500 |
| 001 - NÚMERO DE CONTROL |
| campo de control |
000012625 |
| 005 - FECHA Y HORA DE LA ÚLTIMA TRANSACCIÓN |
| campo de control |
20200929163040.0 |
| 008 - DATOS DE LONGITUD FIJA--INFORMACIÓN GENERAL |
| campo de control de longitud fija |
940317s1990 cu b 000 0 spa d |
| 040 ## - FUENTE DE LA CATALOGACIÓN |
| Centro catalogador/agencia de origen |
DO-SdBNP |
| Lengua de catalogación |
spa |
| Centro/agencia transcriptor |
BNPHU |
| 082 ## - NÚMERO DE LA CLASIFICACIÓN DECIMAL DEWEY |
| Número de clasificación |
342.029 |
| Número de documento/Ítem |
F378b |
| 100 1# - ENTRADA PRINCIPAL--NOMBRE DE PERSONA |
| Nombre de persona |
Ferrás Moreno, Angel Domingo, |
| Fechas asociadas al nombre |
1926- |
| 9 (RLIN) |
29377 |
| 240 10 - TÍTULO UNIFORME |
| Título uniforme |
The Constitution of the United state of America |
| Lenguaje de la obra |
spa |
| 245 13 - MENCIÓN DE TÍTULO |
| Título |
La bicentenaria Constitución norteaméricana : |
| Resto del título |
reflexiones breves / |
| Mención de responsabilidad, etc. |
Angel Domingo Ferrás Moreno; Edición Alfredo A. Sicre Rivas. |
| 260 ## - PUBLICACIÓN, DISTRIBUCIÓN, ETC. |
| Lugar de publicación, distribución, etc. |
La Habana, Cuba : |
| Nombre del editor, distribuidor, etc. |
Editorial Ciencias Sociales, |
| Fecha de publicación, distribución, etc. |
1990. |
| 300 ## - DESCRIPCIÓN FÍSICA |
| Extensión |
157 p. ; |
| Dimensiones |
18 cm. |
| 490 1# - MENCIÓN DE SERIE |
| Mención de serie |
Jurídica |
| 504 ## - NOTA DE BIBLIOGRAFÍA, ETC. |
| Nota de bibliografía, etc. |
Bibliografía : p. 155-157 |
| 534 ## - NOTA SOBRE LA VERSIÓN ORIGINAL |
| Encabezamiento principal del original |
Título original: |
| Mención de título del original |
The Constitution of the United States of America |
| 650 #4 - PUNTO DE ACCESO ADICIONAL DE MATERIA--TÉRMINO DE MATERIA |
| Término de materia o nombre geográfico como elemento de entrada |
Historia constitucional |
| Subdivisión geográfica |
Estados Unidos |
| 9 (RLIN) |
29378 |
| 651 #4 - PUNTO DE ACCESO ADICIONAL DE MATERIA--NOMBRE GEOGRÁFICO |
| Nombre geográfico |
Estados Unidos |
| Subdivisión general |
Constitución |
| -- |
Ensayos, Conferencias, Etc. |
| 9 (RLIN) |
29379 |
| 651 #4 - PUNTO DE ACCESO ADICIONAL DE MATERIA--NOMBRE GEOGRÁFICO |
| Nombre geográfico |
Estados Unidos |
| Subdivisión general |
Derecho Constitucional |
| 9 (RLIN) |
29380 |
| 700 12 - PUNTO DE ACCESO ADICIONAL--NOMBRE DE PERSONA |
| Nombre de persona |
Sicre Rivas, Alfredo A., |
| Término indicativo de función/relación |
ed. |
| 9 (RLIN) |
29381 |
| 710 12 - PUNTO DE ACCESO ADICIONAL--NOMBRE DE ENTIDAD CORPORATIVA |
| Nombre de entidad corporativa o nombre de jurisdicción como elemento de entrada |
Estados Unidos. |
| Título de la obra |
Constitución. |
| Lenguaje de la obra |
Español. |
| Fecha de publicación/de la obra |
1990 |
| 9 (RLIN) |
29382 |